Acura Models - Statistics

General Stats
  • This quiz has been taken 23 times
  • The average score is 12 of 19
Answer Stats
First Letter Model % Correct
T TL
93%
T TLX
93%
M MDX
87%
R RDX
80%
I Integra
73%
Z ZDX
73%
A ADX
67%
R RSX
67%
I ILX
60%
N NSX
60%
T TSX
60%
C CL
53%
L Legend
53%
R RL
53%
R RLX
47%
S SLX
47%
V Vigor
33%
I ILX Hybrid
27%
T TSX Sport Wagon
27%
No matching quizzes found
Score Distribution
Percent of People with Each Score
Percentile by Number Answered
Your Score History
You have not taken this quiz